Návrh systému odmeňovania zamestnancov v podniku

Salvato in:
Dettagli Bibliografici
Autore principale: Sedláková, Martina, 1979- (Autore)
Altri autori: Barboríková, Jana, 1979- (Relatore della tesi)
Natura: Manoscritto Libro
Lingua:slovacco
Pubblicazione: Trnava : STU v Bratislave MTF UPMK, 2012
Soggetti:
Accesso online:VAIS
Tags: Aggiungi Tag
Nessun Tag, puoi essere il primo ad aggiungerne!!

MARC

LEADER 00000ntm a22000003a 4500
001 stu251613
005 20150617230200.5
008 120719s2012----xo------------------slo-d
040 |a STU  |b slo 
041 0 |a slo 
044 |a xo 
100 1 |a Sedláková, Martina,  |d 1979-  |4 aut  |u M  |T MTF Materiálovotechnologická fakulta  |X 57225  |U M  |Y 60  |7 A000057225 
242 0 0 |a The suggestion for company employee reward system  |y eng 
245 1 |a Návrh systému odmeňovania zamestnancov v podniku 
260 |a Trnava :  |b STU v Bratislave MTF UPMK,  |c 2012 
300 |a 67s  |c CD ROM 
650 7 |a personálna práca v priemyselnom podniku  |2 stusub 
650 7 |a Personnel Policy in Industrial Plant  |2 estusub 
650 7 |a evaluation  |2 estusub 
650 7 |a motivation  |2 estusub 
650 7 |a hodnotenie  |2 stusub 
650 7 |a motivácia  |2 stusub 
650 7 |a pracovný výkon  |2 stusub 
650 7 |a mzda  |2 stusub 
700 1 |a Barboríková, Jana,  |d 1979-  |4 ths  |X 46491  |7 A000046491 
856 4 |a info a plný text  |u http://is.stuba.sk/zp/portal_zp.pl?podrobnosti=71411  |3 VAIS 
996 |c M*BP-5848  |l MMSKP  |s P  |a 0  |w stu251613_0001